000 00616nam a2200253Ia 4500
003 OSt
005 20221007110202.0
006 a|||||r|||| 00| 0
007 ta
008 221006b |||||||| |||| 00| 0 eng d
024 _a20,567
037 _cTextual
040 _aLCO
_cLCO
_beng
041 _2eng
_aeng
082 _aZ1,6, M0
100 _aMorris J.H.C
_9690458
245 0 _aConflict of Laws
250 _a2nd
260 _aLondon
_bStevens & Sons UK
_c1980
300 _a552
650 _aCONFLICT
_9707186
942 _hZ1,6, M0
_cTEXL
999 _c1190130
_d1190130